000 003540000a22001450004500
003 MACL
040 _aMACL
090 _c31324
_d31323
100 _aMiller, Michael A
245 _aIntroduction to Digital and Data Communications
260 _bJaico Publishing House
_c2002
350 _a225
650 _aComputer Programming
942 _cBOOK
_k005.6/MIL
999 _c31010
_d31010